Sčotnyje Bulevy algebry /

Na minha lista:
Detalhes bibliográficos
Autor principal: Gončarov, Sergej Sevostjanovič (Author)
Formato: Livro
Idioma:russo
Publicado em: Novosibirsk : Nauka, 1988
Tags: Adicionar Tag
Sem tags, seja o primeiro a adicionar uma tag!

MARC

LEADER 00000nam a22000003a 4500
001 stu3273
005 20150617225616.0
008 930317s1988----xxr-----------------rus-d
040 |a STU  |b slo 
041 0 |a rus 
044 |a xxr 
080 |a 512.563  |7 stu_us_auth*stu8143 
100 1 |a Gončarov, Sergej Sevostjanovič  |4 aut 
245 1 |a Sčotnyje Bulevy algebry /  |c [aut.] Gončarov,Sergej Sevostjanovič 
260 |a Novosibirsk :  |b Nauka,  |c 1988 
300 |a 175 s 
996 |b E67771  |c E*67771  |l EE03  |s P  |a 0  |w stu3273_0001 
996 |b E68525  |c E*68525  |l EE03  |s P  |a 0  |w stu3273_0002